01117nab a22001817a 4500003000400000005001700004008004100021040000700062100003100069245019500100260007200295300001300367500003900380505025800419505008900677650003100766773013800797OSt20260110005152.0190605e xxu||||| |||| 00| 0 spa d cPJ aHenriques, María Roxana 13aEl fraude a la ley y los acuerdos de extinción. Análisis del supuesto previsto en el art. 241 de la Ley de Contrato de Trabajo y su relación con el fraude /cMaría Roxana Henriques.  aCiudad Autónoma de Buenos Aires :bThomson Reuters La Ley,c2023. ap. 92-96 aCita: TR LALEY AR/DOC/1865/2023.  aSumario: I. Introducción.— II. El art. 241 de la LCT.— III. Características.— IV. Requisitos.— V. Consecuencias.— VI. El fraude.— VII. La desigualdad negocial y el desprecio al sistema tuitivo.— VIII. Conclusión y reflexión final.  t¿Te interesa el texto completo? Solicitalo al correo: koha@justierradelfuego.gov.ar 0aLEY DE CONTRATO DE TRABAJO0 02711dCiudad Autónoma de Buenos Aires : Thomson Reuters La Ley, 1999-2002.tRevista de derecho del trabajo. Nº 5 - Septiembre 2023